000 00657nam a2200169 4500
999 _c3801
_d3801
008 160811b xxu||||| |||| 00| 0 eng d
022 _a01153153
082 _aDPer 150.5 P53 June-Dec 2013 v. 46, n. 1 & 2
100 _912653
_aOfreneo, Mira Alexis P.
243 _a
245 _aTowards an LGBT - inclusive psychology:
_breflecting on a social change agenda for Philippine psychology/
_cMira Alexis P. Ofreneo.
260 _aQuezon City:
_bPsychological Association of the Philippines,
_c©2013.
300 _av46 n2, pages 5-17;
_c24 cm.
500 _aPhilippine Journal of Psychology.
650 0 _912654
_aPsychology
942 _2ddc
_cPER